书目信息 |
| 题名: |
统计模拟
|
|
| 作者: | 罗斯 著 ;王兆军 , 陈广雷 , 邹长亮 译 | |
| 分册: | ||
| 出版信息: | 北京 人民邮电出版社 2007.07 |
|
| 页数: | 254页 | |
| 开本: | 24cm | |
| 丛书名: | 图灵数学·统计学丛书 | |
| 单 册: | ||
| 中图分类: | C8-33 | |
| 科图分类: | ||
| 主题词: | 统计--tong ji--模拟实验 | |
| 电子资源: | ||
| ISBN: | 978-7-115-16085-0 | |
| 000 | 01194nam 2200325 450 | |
| 001 | 012007244691 | |
| 005 | 20071107202202.48 | |
| 010 | @a978-7-115-16085-0@dCNY39.00 | |
| 100 | @a20071107d2007 km y0chiy0120 ea | |
| 101 | 1 | @achi@ceng |
| 102 | @aCN@b110000 | |
| 105 | @ay a 001yy | |
| 106 | @ar | |
| 200 | 1 | @a统计模拟@Atong ji mo ni@d= Simulation@f(美) Sheldon M. Ross著@F(mei)Sheldon M.Ross zhu@g王兆军, 陈广雷, 邹长亮译@Gwang zhao jun,chen guang lei,zou chang liang yi@zeng |
| 210 | @a北京@c人民邮电出版社@d2007.07 | |
| 215 | @a254页@d24cm | |
| 225 | 2 | @a图灵数学·统计学丛书@Atu ling shu xue·tong ji xue cong shu@v11 |
| 314 | @a责任者规范汉译: 罗斯 | |
| 320 | @a有书目和索引。 | |
| 330 | @a本书内容包括:绪言、概率基础、随机数、离散随机变量的生成、模拟数据的统计分析、方差缩减技术等。 | |
| 410 | 0 | @12001 @a图灵数学·统计学丛书 |
| 500 | 10 | @aSimulation@mChinese |
| 606 | 0 | @a统计@Atong ji@x模拟实验 |
| 690 | @aC8-33@v4 | |
| 701 | 1 | @a罗斯@Aluo si@g(Ross, Sheldon M.)@4著 |
| 702 | 0 | @a王兆军@Awang zhao jun@4译 |
| 702 | 0 | @a陈广雷@Achen guang lei@4译 |
| 702 | 0 | @a邹长亮@Azou chang liang@4译 |
| 801 | 0 | @aCN@b@c20071107 |
| 905 | @b266049-50@dC8-33@eL953@f2 | |
| 统计模拟= Simulation/(美) Sheldon M. Ross著/王兆军, 陈广雷, 邹长亮译.-北京:人民邮电出版社,2007.07 |
| 254页;24cm.-(图灵数学·统计学丛书;11) |
| ISBN 978-7-115-16085-0:CNY39.00 |
| 本书内容包括:绪言、概率基础、随机数、离散随机变量的生成、模拟数据的统计分析、方差缩减技术等。 |
| ● |
| 相关链接 |
|
|
|
正题名:统计模拟
索取号:C8-33/L953
 
预约/预借
| 序号 | 登录号 | 条形码 | 馆藏地/架位号 | 状态 | 备注 |
| 1 | 266049 | 202660496 | 社科库509/509社科库 55排6列4层/ [索取号:C8-33/L953] | 在馆 | |
| 2 | 266050 | 202660502 | 社科库509/509社科库 55排6列4层/ [索取号:C8-33/L953] | 在馆 |